Statistics for Топ 25 самых населённых стран в 1914

Click here to take the quiz!

General Stats

  • This quiz has been taken 252 times
  • The average score is 17 of 25

Answer Stats

Население в 1914 (тыс. чел.)МестоРасположение(кроме колоний)Страна% Correct
178 379№3Вост. Европа и АзияРоссийская Империя
99%
103 788№4Северная АмерикаСоединённые Штаты
98%
318 110№2АзияКитай
97%
90 588№5Западная ЕвропаФранцузская Империя
96%
76 992№6Центральная ЕвропаГерманская Империя
95%
424 775№1Западная Европа(Острова)Британская Империя
92%
71 869№7Восточная Азия(Острова)Японская Империя
89%
24 308№11Южная АмерикаБразилия
86%
36 612№9Западная ЕвропаИталия
81%
21 274№12Малая Азия и Ближний ВостокОсманская Империя
81%
15 097№13Западная ЕвропаПортугальская Империя
77%
4670№17Восточная Европа, БалканыГреция
71%
2912№18Восточная Европа, БалканыСербия
70%
4753№16Восточная Европа, БалканыБолгария
69%
49 882№8Центр. и Вост. ЕвропаАвстро-Венгерская Империя
68%
7230№15Восточная ЕвропаРумыния
66%
2472№19Северная Америка(Остров)Куба
65%
25 522№10Западная ЕвропаБельгия
52%
825№22Восточная Европа, БалканыАлбания
50%
8149№14Юго-восточная АзияСиам
49%
516№25Восточная Европа, БалканыЧерногория
43%
562№24Центральная АмерикаГондурас
40%
704№23Центральная АмерикаНикарагуа
37%
2994№20Центральная АмерикаГватемала
35%
1760№21Западная АфрикаЛиберия
23%

Score Distribution

Percentile by Number Answered

Percent of People with Each Score

Your Score History

You have not taken this quiz